[Event "Lesa Lago Maggiore op"]
[Site "Lesa"]
[Date "2023.05.06"]
[Round "2"]
[White "Vendramini, Ivano"]
[Black "Krupenko, Andrej"]
[Result "0-1"]
[WhiteElo "1549"]
[BlackElo "1177"]
[PlyCount "70"]
[EventDate "2023.05.05"]
[EventType "swiss"]
[EventRounds "5"]
[EventCountry "ITA"]
[SourceTitle "EXT 2024"]
[Source "ChessBase"]
[SourceDate "2023.10.10"]
[SourceVersion "1"]
[SourceVersionDate "2023.10.10"]
[SourceQuality "1"]

1. e4 e5 2. Nf3 Nc6 3. Bb5 Nf6 4. 0-0 d6 5. Re1 Be7 6. d4 a6 7. Bxc6+ bxc6 8. dxe5 dxe5 9. Qxd8+ Bxd8 10. Nxe5 Bb7 11. c4 0-0 12. Nc3 Re8 13. Nd3 Nd7 14. f3 Ne5 15. Nxe5 Rxe5 16. Bf4 Re8 17. Rad1 Rc8 18. Rd7 g5 19. Bg3 h5 20. Na4 h4 21. Bf2 Ra8 22. Red1 Rc8 23. Nc5 Ba8 24. Nxa6 Bb7 25. Nc5 Ba8 26. a4 Be7 27. b3 Bd6 28. a5 Red8 29. Rxd8+ Rxd8 30. Kf1 Kf8 31. a6 Ke8 32. Ke2 Rc8 33. g3 hxg3 34. hxg3 Ke7 35. Ke3 Bxc5+ 0-1

[Event "Torino Epifania op"]
[Site "Torino"]
[Date "2003.01.??"]
[Round "2"]
[White "De Paulis, Sergio"]
[Black "Vendramini, Ivano"]
[Result "1/2-1/2"]
[WhiteElo "1514"]
[BlackElo "1531"]
[PlyCount "109"]
[EventDate "2003.01.??"]
[EventType "swiss"]
[EventRounds "5"]
[EventCountry "ITA"]
[SourceTitle "EXT 2024"]
[Source "ChessBase"]
[SourceDate "2023.10.10"]
[SourceVersion "1"]
[SourceVersionDate "2023.10.10"]
[SourceQuality "1"]

1. d4 d5 2. c4 dxc4 3. e4 c5 4. d5 e6 5. Bxc4 Nf6 6. Nc3 a6 7. a4 Bd6 8. f4 exd5 9. Bxd5 Nxd5 10. Nxd5 Bd7 11. Nf3 Bc6 12. 0-0 0-0 13. Qb3 Re8 14. e5 c4 15. Qd1 Bxe5 16. Nxe5 Bxd5 17. Qh5 Qb6+ 18. Kh1 Qf6 19. Bd2 Nc6 20. Bc3 Nxe5 21. Bxe5 Qc6 22. Qg4 f6 23. Bc3 b5 24. a5 Re3 25. Bd4 Re4 26. Rad1 Rae8 27. Rd2 Re1 28. Kg1 Rxf1+ 29. Kxf1 Be6 30. f5 Bc8 31. Bc3 Bb7 32. Re2 Re4 33. Rxe4 Qxe4 34. Qxe4 Bxe4 35. g4 h5 36. gxh5 Bxf5 37. Kf2 Kh7 38. Kg3 Kh6 39. Kh4 g5+ 40. Kg3 Kxh5 41. Bxf6 b4 42. Be7 c3 43. bxc3 bxc3 44. Bb4 c2 45. Bd2 Kg6 46. Kf2 Kf6 47. Bc3+ Ke6 48. Bd2 g4 49. Ke3 Ke5 50. Bc1 Kd5 51. Kd2 Kc4 52. Bb2 Kb3 53. Bd4 Kc4 54. Bb6 Kb4 55. Kc1 1/2-1/2